Регионална библиотека "Любен Каравелов" - Русе

Конструиране на мебели, врати и прозорци (Запис номер 62214)

MARC детайли
000 -Лидер
Контролно поле с фиксирана дължина 01708nam a2200409 c 4500
003 - Код на организацията, давaща контролен номер
Контролно поле BLK
005 - Дата и час на последна редакция
Контролно поле 20240918161535.0
008 - Елементи от данни с фиксирана дължина
fixed length control field 180408b bul|||||r ||||||| ||bul||
010 ## - Наследен системен номер
LC control number KNG00066426000
020 ## - Международен стандартен номер на книга ISBN
Международен стандартен номер на книга ISBN 954-9930-26-2
-- издат.: Матком
040 ## - Източник на каталожния запис
Идентификатор на билиотеката - собственик на записа BLK
041 ## - Код за език
Код за езика на текст/звукозапис или на отделно заглавие Български
Код за езика КДБФ Български
080 ## - УДК
Текстов определител УДК Мебелно производство. Тапицерство
УДК код - определител по УДК 684
УДК определител .001.66(075.32)
УДК - код + определител 684.001.66(075.32)
080 ## - УДК
Текстов определител УДК Изработване на подвижни елементи - врати, прозорци
УДК код - определител по УДК 674.214
УДК определител .001.66(075.32)
УДК - код + определител 674.214.001.66(075.32)
100 1# - Редна дума - Автор
Автор Кючуков, Георги Борисов
Авторска отговорност първи автор
R(LIN) 368712
139 ## - Редно поле
Редна дума Кючуков, Георги Борисов
Авторски знак Кю - К 99
245 10 - Сведения за заглавието
Заглавие Конструиране на мебели, врати и прозорци
Подзаглавни данни Учебник за проф. гимназии
Редно поле (дума) Георги Борисов Кючуков.
257 ## - Страна на издаване
Страна на създаване/издаване България
260 ## - Област на издателските данни
-- София
Име на издателя, разпространителя и проч. Матком
Година на издаване 2004
Печатница София : Изток-Запад
300 ## - Физическа характеристика
Страници 310 с.
Илюстрации и др. с ил.
Размери/Мащаб 24 см
380 ## - Жанр
Жанр Техника
500 ## - Общи забележки
Забележка Библиогр. с. 312.
650 #4 - Допълнително описание по предмет – тема
Основно описание – тема или топоним Мебели - проектиране и конструиране
9 (RLIN) 289733
653 ## - Ключова дума – ненормативна
Ключова дума мебели
653 ## - Ключова дума – ненормативна
Ключова дума мебелно производство
653 ## - Ключова дума – ненормативна
Ключова дума врати
653 ## - Ключова дума – ненормативна
Ключова дума прозорци
653 ## - Ключова дума – ненормативна
Ключова дума конструиране
653 ## - Ключова дума – ненормативна
Ключова дума проектиране
653 ## - Ключова дума – ненормативна
Ключова дума учебници за средни училища
852 ## - Местоположение
Форматна сигнатура Цб 228073
856 4# - Електронен адрес и достъп
Електронен формат pdf - файл
Път до файла /url/
856 4# - Електронен адрес и достъп
Електронен формат pdf - файл
Път до файла /url/
942 ## - АРТИКУЛИ
Вид на библиотечния материал Книги
Скрит в OPAC Не
Koha issues (borrowed), all copies 8
944 ## - СЪЗДАВАНЕ И РЕДАКЦИЯ на ЗАПИСА
Създаване/Редакция Създаване
Дата на регистрацията/редакция 19.06.2006
Статус, дата на статуса Минев Младен
Служител, извършил регистрацията/редакцията 30530
944 ## - СЪЗДАВАНЕ И РЕДАКЦИЯ на ЗАПИСА
Създаване/Редакция Редакция
Дата на регистрацията/редакция 18.12.2012
Статус, дата на статуса ф /
Служител, извършил регистрацията/редакцията
999 ## - СИСТЕМНИ КОНТРОЛНИ НОМЕРА
Koha biblionumber 62214
Koha biblioitemnumber 62214
Наличности
Код за отписване Код за изгубен артикул Код за повреда Коз за рестрикции Код за отдаване Артикулен № Име на библиотеката - собственик Име на библиотеката, в която се намира в момента Статус (Текущо местоположение) Дата на вписване в системата Местоположение - отдел Цена в лева Инвентарен номер Систематично азбучна сигнатура Баркод Номер на екземпляра Цена в евро Служебна бележка Служебен тип на артикула
  Не е изгубен Не е повреден без рестрикции ползва се в читалня 103455 Регионална библиотека "Любен Каравелов" Русе Регионална библиотека "Любен Каравелов" Русе Хранилище 2006-06-19 Хранилище 9.00 120000703096 Цб 228073 120000703096 1 4.60 Дост: Dp Вид: Д N: 24 Дата: 01.06.2005 Книги
  Не е изгубен Не е повреден без рестрикции заемане за дома 103456 Регионална библиотека "Любен Каравелов" Русе Регионална библиотека "Любен Каравелов" Русе Заемна - подръчен фонд 2012-12-18 Заемна - подръчен фонд 10.90 120000762607 П 684/К 99 120000762607 2 5.57 Дост: Pk Вид: Ф N: 339 Дата: 12.12.2012 Дата инв: 07.02.2018 Бележки инв: П2018 Книги
  Не е изгубен Не е повреден без рестрикции заемане за дома 103457 Регионална библиотека "Любен Каравелов" Русе Регионална библиотека "Любен Каравелов" Русе Заемна - подръчен фонд 2012-12-18 Заемна - подръчен фонд 10.90 120000762608 П 684/К 99 120000762608 3 5.57 Дост: Pk Вид: Ф N: 339 Дата: 12.12.2012 Дата инв: 07.02.2018 Бележки инв: П2018 Книги
Vip Innovations Ltd, Rousse, Bulgaria 2025